000 00555nam a22001817a 4500
005 20251108171038.0
008 250721s1988 xx 000 0 ara d
082 1 4 _aط/ق/عسل
245 1 0 _aالمخترع الصغير /
264 1 _aبيروت :
_bدار العلم للملايين،
_c1988.
300 _a48ص
490 0 _aسلسلة عبقريات مبكرة
650 1 7 _aأدب الأطفال
650 1 7 _aالقصص العربية
653 _aاطفال مرحلة متوسطة (6-9)سنوات
942 _2ddc
_cBK
999 _c55211
_d55211